Biblioteca

The orientalizing revolution : (Registro nro. 65731)

Detalles MARC
000 -LÍDER
Campo fijo de descripción fija 03702cam a2200445 i 4500
001 - NÚMERO DE CONTROL
Campo de control 768714001
003 - IDENTIFICADOR DEL NÚMERO DE CONTROL
Campo de control CO-MdFUSB
005 - FECHA Y HORA DE LA ULTIMA TRANSACCIÓN
control field 20200420160734.0
007 - CAMPO FIJO DE DESCRIPCIÓN FIJA--INFORMACIÓN GENERAL
Campo fijo de descripción fija ta
008 - ELEMENTOS DE LONGITUD FIJA -- INFORMACIÓN GENERAL
Campo fijo de descripción fija -- Información general 920221s1992 maua b 001 0 eng
010 ## - NÚMERO DE CONTROL DE LA BIBLIOTECA DEL CONGRESO
Número de control LC 92008923
020 ## - NÚMERO INTERNACIONAL NORMALIZADO PARA LIBROS
Número Internacional Normalizado del libro 0674643631
Información adicional (acid-free paper)
020 ## - NÚMERO INTERNACIONAL NORMALIZADO PARA LIBROS
Número Internacional Normalizado del libro 9780674643635
Información adicional (acid-free paper)
040 ## - FUENTE DE CATALOGACIÓN
Agencia de catalogación original DLC
Idioma de catalogación eng
Agencia que realiza la transcripción CO-MdFUSB
Agencia que realiza la modificación UKM
-- CO-MdFUSB
-- UBA
-- MUQ
-- NLGGC
-- BAKER
-- BTCTA
-- YDXCP
-- AU@
-- UBC
-- HEBIS
-- Z@L
-- PBE
-- BDX
-- GBVCP
-- OCLCF
-- P4I
-- IQU
-- DEBBG
-- EUW
-- KFH
-- ITIRS
-- OCLCO
-- XFF
-- OCLCO
-- OCLCQ
-- EEIDE
-- OCLCO
-- NJR
-- OCLCA
-- OCLCQ
-- OCLCO
Convenciones de la descripción rda
041 1# - CÓDIGO DE IDIOMA
Código de idioma para texto/pista de sonido o título separado eng
Código de idioma original ger
082 ## - NÚMERO DE CLASIFICACIÓN DECIMAL DEWEY
Número de la edición del Dewey 23
Número de clasificación 306.40938
Clave de autor-Numero de item B959
100 1# - ASIENTO PRINCIPAL--NOMBRE PERSONAL
Nombre personal Burkert, Walter,
Fechas asociadas con el nombre 1931-2015.
Término relacionador autor
240 10 - TITULO UNIFORME
Título uniforme <a href="Orientalisierende Epoche in der griechischen Religion und Literatur.">Orientalisierende Epoche in der griechischen Religion und Literatur.</a>
245 14 - TÍTULO
Título del Material The orientalizing revolution :
Parte restante del título - Subtitulo Near Eastern influence on Greek culture in the early archaic age /
Mención de responsabilidad, etc. Walter Burkert ; traducido por Walter Burkert and Margaret E. Pinder.
250 ## - MENCIÓN DE EDICIÓN
Mención de edición Tercera impresión
264 #1 - PRODUCCIÓN, PUBLICACIÓN, DISTRIBUCIÓN, MANUFACTURA, Y COPYRIGHT
Lugar de producción, publicación, distribución, manufactura Cambridge, Mass. :
Nombre del productor, publicador, distribuidor University Press of America,
Fecha de producción, publicación, distribución, manufactura, o copyright [1992]
264 #4 - PRODUCCIÓN, PUBLICACIÓN, DISTRIBUCIÓN, MANUFACTURA, Y COPYRIGHT
Fecha de producción, publicación, distribución, manufactura, o copyright © 1992
300 ## - DESCRIPCIÓN FÍSICA
Extensión 225 páginas :
Otros detalles físicos ilustraciones ;
Dimensiones 22 cm.
336 ## - TIPO DE CONTENIDO
Término de tipo de contenido texto
Código de tipo de contenido txt
Fuente rdacontent.
337 ## - TIPO DE MEDIO
Nombre del tipo de medio sin mediación
Código del tipo de medio n
Fuente rdamedia.
338 ## - TIPO DE SOPORTE
Nombre del tipo de soporte volumen
Código Tipo de soporte nc
Fuente rdacarrier.
490 1# - MENCIÓN DE SERIE
Mención de serie Revealing antiquity ;
504 ## - NOTA DE BIBLIOGRAFÍA, ETC.
Nota de bibliografía, etc Incluye referencias bibliográficas (páginas 135-152)
505 ## - NOTA DE CONTENIDO
Nota de contenido con formato preestablecido "Quiénes son los trabajadores públicos": los artesanos migrantes. Antecedentes históricos ; Productos orientales en Grecia; Escritura y literatura en el siglo VIII; El problema de las palabras prestadas - "Un vidente o un sanador": magia y medicina. "Artesanos de lo sagrado": movilidad y estructura familiar; Hepatoscopia; Depósitos de la fundación; Purificación; Espíritus de los muertos y la magia negra; Sacrificio sustituto; Asclepio y Asgelatas; Adivinación extática; Lamashtu, Lamia y Gorgo - "O también un cantante piadoso": literatura acadia y griega temprana. Del atrahasis al "engaño de Zeus"; Queja en el cielo: Ishtar y Afrodita; La tierra superpoblada; Siete contra Tebas; Estilo y postura comunes en la épica oriental y griega; Fábulas; Magia y cosmogonía.
520 ## - NOTA DE RESUMEN, ETC.
Nota de sumario, etc. La cultura rica y espléndida de los antiguos griegos a menudo se ha descrito como emergente como un milagro de un genio propio, que no debe prácticamente nada a sus vecinos. Walter Burkert ofrece un argumento decisivo contra esa visión distorsionada, reemplazándola con una imagen equilibrada del período arcaico "en el cual, bajo la influencia del Oriente semítico, la cultura griega comenzó su florecimiento único, que pronto asumirá la hegemonía cultural en el Mediterráneo". Burkert se centra en el siglo "orientalizante" 750-650 a. C., el período de la conquista asiria, el comercio fenicio y la exploración griega de Oriente y Occidente, cuando no solo se transmitieron a Grecia habilidades e imágenes orientales, sino también el arte semítico de la escritura. Él rastrea a los artesanos migrantes que trajeron a los griegos nuevas técnicas y diseños, los videntes y curanderos errantes que enseñan magia y medicina, y los importantes préstamos griegos de la poesía y el mito del Cercano Oriente. Basándose ampliamente en evidencia arqueológica, textual e histórica, demuestra que los modelos orientales afectaron significativamente la literatura y la religión griegas en la era homérica.
563 ## - NOTA DE ENCUADERNACIÓN
Nota de encuadernación Rústico
650 #0 - ASIENTO SECUNDARIO DE MATERIA - TERMINO TEMÁTICO
Término temático o nombre geográfico como elemento de entrada Sociología de la cultura
9 (RLIN) 5
830 #0 - PUNTO DE ACCESO ADICIONAL DE SERIE - TÍTULO UNIFORME
Título uniforme Revealing antiquity ;
Designación de volumen o secuencia 5.
942 ## - TIPO DE MATERIAL (KOHA)
Tipo de Item KOHA Libros General
945 ## - INFORMACIÓN LOCAL DEL REGISTRO
Catalogador JTF-925
Existencias
Estado de Material Estado de Perdido Forma de Clasificación Estado de Dañado No para Préstamo Colección Biblioteca de Origen Biblioteca Permanente Fecha de Adquisición Forma de Adquisición Área Total de Préstamos Signatura Topográfica Código de Barras Última vez visto Ejemplar/Existencia Fecha de Remplazo Tipo de Material
    Dewey Decimal Classification     Colección General Biblioteca FUSBC Biblioteca FUSBC 20/04/2020 Donación Nottingham SOCIOLOGIA   G 306.40938 B959o 9466 20/04/2020 Ej.1 20/04/2020 Libros General

Biblioteca FUSBC | Teléfono: (57+4) 349 88 10 Ext. 141| WhatsApp (+57) 3005338115 
E-mail: biblioteca@unisbc.edu.co | Calle 76 87-14 Robledo Palenque, Medellín, Colombia

Con tecnología Koha